Suomen ABC-asemat - Statistics

Yleistilastot
  • Tätä visaa on pelattu 432 kertaa
    85 viimeisimmän päivityksen jälkeen
  • Keskiarvotulos 36 / 89
Vastaustilastot
Maakunta Asema % Oikein
Päijät-Häme Renkomäki (Lahti)
78%
Päijät-Häme Kivimaa (Lahti)
76%
Päijät-Häme Nastola (Lahti)
76%
Pirkanmaa Lahdesjärvi (Tampere)
73%
Keski-Suomi Vaajakoski (Jyväskylä)
69%
Keski-Suomi Keljonkangas (Jyväskylä)
66%
Keski-Suomi Palokka (Jyväskylä)
66%
Kymenlaakso Anjalankoski (Kouvola)
64%
Kymenlaakso Utti (Kouvola)
64%
Kymenlaakso Koria (Kouvola)
63%
Kymenlaakso Tuohikotti (Kouvola)
63%
Kymenlaakso Valkeala (Kouvola)
63%
Etelä-Savo Pitkäjärvi (Mikkeli)
61%
Pohjois-Karjala Marjala (Joensuu)
61%
Pohjois-Karjala Siihtala (Joensuu)
61%
Etelä-Karjala Viipurinportti (Lappeenranta)
61%
Etelä-Savo Tuukkala (Mikkeli)
60%
Kymenlaakso Amiraali (Kotka)
57%
Pohjanmaa Kiitokaari (Vaasa)
57%
Pohjanmaa Kivihaka (Vaasa)
57%
Pohjois-Savo Pitkälahti (Kuopio)
55%
Satakunta Tikkula (Pori)
55%
Etelä-Karjala Imatra
54%
Kainuu Kajaani
52%
Varsinais-Suomi Piihovi (Salo)
52%
Kanta-Häme Tiiriö (Hämeenlinna)
51%
Keski-Pohjanmaa Heinolankaari (Kokkola)
51%
Pirkanmaa Kolmenkulma (Nokia)
48%
Kymenlaakso Kippari (Hamina)
48%
Kanta-Häme Forssa
45%
Satakunta Kortela (Rauma)
45%
Pirkanmaa Pirkkala
45%
Keski-Suomi Hirvaskangas (Äänekoski)
43%
Etelä-Pohjanmaa Lapua
43%
Pohjois-Karjala Lieksa
43%
Pirkanmaa Oritupa (Orivesi)
43%
Kanta-Häme Riihimäki
43%
Pirkanmaa Toijala (Akaa)
43%
Uusimaa Lohja
42%
Päijät-Häme Heinola
42%
Etelä-Savo Juva
42%
Etelä-Pohjanmaa Alajärvi
40%
Etelä-Pohjanmaa Kauhava
40%
Etelä-Savo Pieksämäki
40%
Pohjois-Pohjanmaa Tupos (Liminka)
39%
Varsinais-Suomi Raisio
39%
Etelä-Pohjanmaa Jalasjärvi (Kurikka)
37%
Etelä-Pohjanmaa Kauhajoki
37%
Pirkanmaa Kiikoinen (Sastamala)
37%
Pohjois-Karjala Kitee
37%
Pohjois-Karjala Nurmes
37%
Pohjois-Savo Siilinjärvi
37%
Etelä-Pohjanmaa Ähtäri
36%
Pohjanmaa Pietarsaari
36%
Etelä-Pohjanmaa Alavus
34%
Pohjois-Savo Marjahaka (Iisalmi)
34%
Pohjois-Pohjanmaa Hiekkasärkät (Kalajoki)
33%
Etelä-Karjala Särkisalmi (Parikkala)
33%
Pohjois-Savo Varkaus
33%
Keski-Suomi Viitasaari
33%
Uusimaa Hyvinkää
31%
Keski-Suomi Joutsa
31%
Etelä-Savo Kuortti (Mäntyharju)
31%
Pohjois-Pohjanmaa Kuusamo
31%
Kymenlaakso Majakka (Pyhtää)
31%
Pohjois-Karjala Juuka
30%
Keski-Suomi Keuruu
30%
Pohjanmaa Kristiinankaupunki
30%
Varsinais-Suomi Aura
28%
Satakunta Huittinen
28%
Pohjois-Karjala Kontiolahti
28%
Uusimaa Karjaa (Raasepori)
27%
Lappi Kemijärvi
27%
Pohjois-Pohjanmaa Joutsentie (Ylivieska)
24%
Uusimaa Masuuni (Karkkila)
24%
Pohjois-Pohjanmaa Pyhäjärvi
24%
Keski-Pohjanmaa Kannus
22%
Pohjois-Pohjanmaa Pudasjärvi
22%
Pohjois-Pohjanmaa Haapajärvi
21%
Päijät-Häme Kausala (Iitti)
21%
Pohjois-Pohjanmaa Pulkkila (Siikalatva)
21%
Etelä-Pohjanmaa Teuva
21%
Pohjois-Savo Kiuruvesi
19%
Uusimaa Pickala (Siuntio)
18%
Pohjois-Pohjanmaa Vaala
18%
Päijät-Häme Padasjoki
12%
Uusimaa Kuninkaantie (Pernaja)
7%
Pohjanmaa Oravainen
6%
Varsinais-Suomi Perniö
4%
Ehtoja vastaavia visoja ei löytynyt
Tulosjakauma
Jokaisen tuloksen saaneiden osuus
Persentiili vastausten määrän mukaan
Tuloshistoriasi
Et ole pelannut tätä visaa sen viimeisimmän päivityksen jälkeen